|
|
|
|
| LEADER |
00623cam a2200193 7i4500 |
| 001 |
0000026977 |
| 005 |
20110922090000.0 |
| 020 |
0 |
0 |
|a 9839946714
|
| 090 |
0 |
0 |
|a B 658.385
|b KAU
|
| 245 |
0 |
0 |
|a Kaunseling organisasi :
|b modul II.
|
| 250 |
0 |
0 |
|a 2nd ed..
|
| 260 |
0 |
0 |
|a Putrajaya:
|b Kelab Kebajikan Bahagian Perkhidmatan Psikologi, Jabatan Perkhidmatan Awam,
|c 2003.
|
| 300 |
# |
# |
|a 77p.
|
| 440 |
# |
# |
|a Siri Kemahiran Kaunseling;
|v 2
|
| 650 |
0 |
0 |
|a Civil service --
|z Malaysia
|
| 650 |
0 |
0 |
|a Employees --
|x Counseling of --
|z Malaysia
|
| 650 |
0 |
0 |
|a Counseling
|
| 651 |
0 |
0 |
|a Malaysia
|
| 999 |
|
|
|a 0000028752
|b Book
|c Book
|e Business Information Centre
|